000 01093nmc a2200349 a 4500
003 AR-BaBNM
005 20251128203552.0
008 157019s1984 ||||||||||||||000 | spa||
020 _a950-562-685-1
040 _cAR-BaBNM
100 1 _aSperoni, José Luís
245 1 0 _aLa real dimensión de una agresión
_buna visión político estratégica de la intervención británica a América del Sur 1805-1807
260 _aBuenos Aires
_bCirculo Militar
_c1984
300 0 _a142 p.
_bmapas
490 0 _aBiblioteca del oficial
_vv. 715
500 0 _aAnexos p. 114-131
504 _aBibliografía para consultar p. 132-140
610 2 4 _aArgentina
650 4 _aINVASIONES INGLESAS
650 4 _aDEFENSA DE BUENOS AIRES
650 4 _aCAPITULACION DE WHITELOCKE
650 4 _aCAPITULACION DE BERESFORD
650 4 _aINTERVENCION
650 4 _aESTRATEGIA MILITAR
650 4 _aCOLONIZACION DEL RIO DE LA PLATA
650 4 _aCOLONIALISMO
651 4 _aArgentina
651 4 _aGran Bretaña
800 1 _aMartínez Pita, Rodolfo
_efundador
942 _cBK
998 _cmariana
999 _c3968
_d3968